000 00717nam a22002537a 4500
001 BR6004538
003 BR-BrBNA
005 20230928083210.0
007 ta
008 230509b bl.||||| |||| 00| 0 por d
040 _aBR-BrBNA
_bpor
_cBiblioteca Nacional de Agricultura
041 _a(Por)
072 _aM10
_b8100
090 _ 8100 BR6004538
100 1 _aMorais Filho, M. B.
110 1 _aDepartamento Nacional da Producao Animal, Rio de Janeiro, GB(Brasil). Div. de Caca e Pesca
245 1 _aA criacao de peixes nas fazendas
260 3 _aRio de Janeiro, GB(Brasil):
_c1954.
300 _a4 p.
650 _aPEIXE
650 _aPISCICULTURA
909 _a202309
_bLucia
_c55
_dLucia Elande
942 _cBK
999 _c12107
_d12107